000 00392pab a2200145 454500
008 180718b1988 xxu||||| |||| 00| 0 eng d
100 _aNonaka, Ikujiro
245 _aCreating organisational order out chaos
_bRenewal in Japanese firms
260 _c1988
300 _a57-73
362 _aSpring
650 _aOrganisation - Japan
773 _aCalifornia Management Review
909 _a14611
999 _c14611
_d14611